UFC : TOP 10 hommes poids légers - Statistiques

Statistiques générales
  • Ce quiz a été pris 405 fois
  • Le résultat moyen est 8 sur 10
Statistiques - réponses
Classement Pays Âge Combattants % Correct
Champion Géorgie 28 Ilia Topuria
97%
2 Brésil 36 Charles Oliveira
96%
8 France 29 Benoit Saint-Denis
95%
1 Arménie 29 Arman Tsarukyan
92%
3 Etats-Unis 33 Max Holloway
86%
5 Royaume-Uni 30 Paddy Pimblett
85%
4 Etats-Unis 37 Justin Gaethje
84%
6 Nouvelle-Zélande 35 Dan Hooker
79%
7 Pologne 34 Mateusz Gamrot
71%
9 Russie 32 Rafael Fiziev
38%
Aucun quiz correspondant
Distribution des résultats
% des personnes avec chaque résultat
Percentile par nombre de réponses
Votre historique - résultats
Vous n’avez pas pris ce quiz